Library of Congress Hebraic collections (Record no. 9693)
[ view plain ]
| 000 -LEADER | |
|---|---|
| fixed length control field | 01946nam a22004214a 4500 |
| 001 - CONTROL NUMBER | |
| control field | ebr10022131 |
| 003 - CONTROL NUMBER IDENTIFIER | |
| control field | CaPaEBR |
| 006 - FIXED-LENGTH DATA ELEMENTS--ADDITIONAL MATERIAL CHARACTERISTICS--GENERAL INFORMATION | |
| fixed length control field | m u |
| 007 - PHYSICAL DESCRIPTION FIXED FIELD--GENERAL INFORMATION | |
| fixed length control field | cr cn||||||||| |
| 008 - FIXED-LENGTH DATA ELEMENTS--GENERAL INFORMATION | |
| fixed length control field | 010119s2001 dcua fsb f000 0 eng |
| 010 ## - LIBRARY OF CONGRESS CONTROL NUMBER | |
| Canceled/invalid LC control number | 2001016516 |
| 020 ## - INTERNATIONAL STANDARD BOOK NUMBER | |
| Cancelled/invalid ISBN | 084441042X |
| 040 ## - CATALOGING SOURCE | |
| Original cataloging agency | CaPaEBR |
| Transcribing agency | CaPaEBR |
| 035 ## - SYSTEM CONTROL NUMBER | |
| System control number | (OCoLC)70769152 |
| 050 14 - LIBRARY OF CONGRESS CALL NUMBER | |
| Classification number | Z6366 |
| Item number | .L53 2001 |
| Classification number | DS102.95eb |
| 051 ## - LIBRARY OF CONGRESS COPY, ISSUE, OFFPRINT STATEMENT | |
| Classification number | Z663.252 |
| Item number | .L533 2001 |
| 082 04 - DEWEY DECIMAL CLASSIFICATION NUMBER | |
| Classification number | 026/.90904924 |
| Edition number | 21 |
| 110 2# - MAIN ENTRY--CORPORATE NAME | |
| Corporate name or jurisdiction name as entry element | Library of Congress. |
| Subordinate unit | African and Middle Eastern Division. |
| -- | Hebraic Section. |
| 245 10 - TITLE STATEMENT | |
| Title | Library of Congress Hebraic collections |
| Medium | [electronic resource] : |
| Remainder of title | an illustrated guide. |
| 246 30 - VARYING FORM OF TITLE | |
| Title proper/short title | Hebraic collections |
| 260 ## - PUBLICATION, DISTRIBUTION, ETC. (IMPRINT) | |
| Place of publication, distribution, etc | Washington : |
| Name of publisher, distributor, etc | Library of Congress : |
| -- | For sale by U.S. G.P.O., |
| Date of publication, distribution, etc | 2001. |
| 300 ## - PHYSICAL DESCRIPTION | |
| Extent | 62 p. : |
| Other physical details | ill. (chiefly col.). |
| 490 1# - SERIES STATEMENT | |
| Series statement | Library of Congress African and Middle Eastern collections illustrated guides |
| 500 ## - GENERAL NOTE | |
| General note | Text by Michael W. Grunberger. |
| 504 ## - BIBLIOGRAPHY, ETC. NOTE | |
| Bibliography, etc | Includes bibliographical references (p. 62). |
| 533 ## - REPRODUCTION NOTE | |
| Type of reproduction | Electronic reproduction. |
| Place of reproduction | Palo Alto, Calif. : |
| Agency responsible for reproduction | ebrary, |
| Date of reproduction | 2013. |
| Note about reproduction | Available via World Wide Web. |
| -- | Access may be limited to ebrary affiliated libraries. |
| 610 20 - SUBJECT ADDED ENTRY--CORPORATE NAME | |
| Corporate name or jurisdiction name as entry element | Library of Congress. |
| Subordinate unit | African and Middle Eastern Division. |
| -- | Hebraic Section. |
| Corporate name or jurisdiction name as entry element | Library of Congress. |
| Subordinate unit | African and Middle Eastern Division. |
| -- | Hebraic Section |
| Form subdivision | Pictorial works. |
| 650 #0 - SUBJECT ADDED ENTRY--TOPICAL TERM | |
| Topical term or geographic name as entry element | Jews |
| General subdivision | Library resources. |
| Topical term or geographic name as entry element | Jews |
| General subdivision | Library resources |
| Form subdivision | Pictorial works. |
| Topical term or geographic name as entry element | Judaism |
| General subdivision | Library resources. |
| Topical term or geographic name as entry element | Judaism |
| General subdivision | Library resources |
| Form subdivision | Pictorial works. |
| 655 #7 - INDEX TERM--GENRE/FORM | |
| Genre/form data or focus term | Electronic books. |
| Source of term | local |
| 700 1# - ADDED ENTRY--PERSONAL NAME | |
| Personal name | Grunberger, Michael W. |
| 710 2# - ADDED ENTRY--CORPORATE NAME | |
| Corporate name or jurisdiction name as entry element | ebrary, Inc. |
| 810 2# - SERIES ADDED ENTRY--CORPORATE NAME | |
| Corporate name or jurisdiction name as entry element | Library of Congress. |
| Title of a work | Library of Congress African and Middle Eastern collections illustrated guides. |
| 856 40 - ELECTRONIC LOCATION AND ACCESS | |
| Uniform Resource Identifier | <a href="http://site.ebrary.com/lib/rucke/Doc?id=10022131">http://site.ebrary.com/lib/rucke/Doc?id=10022131</a> |
| Public note | An electronic book accessible through the World Wide Web; click to view |
No items available.
